000 00989nam0a22002411 4500
001 rc\4368817
005 20250611162812.0
035 _a(NLR Aleph) 008285451
090 _a8543068
_c8543068
100 _a20130416a19659999|||y0rusy50 ca
101 0 _arus
102 _aRU
105 _ay z |||||
200 1 _aГидрогеология и инженерная геология
_eОбзор. информ.
_fВНИИ экономики минер. сырья и геол.-развед. работ (ВИЭМС)
210 _aМосква
_cБ. и.
_d1965-
225 1 _aОбзор
300 _aВ надзаг. также: М-во геологии СССР
801 0 _aRU
_bNLR
_gpsbo
801 1 _aRU
_bELAR
_2rusmarc
830 _aПеречень имеющихся в библиотеке томов, номеров, годов этого издания смотри в каталоге периодических изданий
852 _aNLR
_jП7/1133
942 _cBOOK
980 _aNB